000 00459nam a2200181Ia 4500
001 24673
005 20260414151059.0
008 260414t2014||||xx |||||||||||||| ||spa||
041 _aESP
082 _a345.721
_bM86
100 _aMoreno Rodríguez, José Antonio
_eAUT
245 0 _aContratación y arbitraje internacional
_b
260 _c2014
300 _axxiv, 273 páginas :
_c23 cm.
650 _aDER
654 _aCDE
942 _cLIB
_dJUS
_fJUS
_2ddc
_n
999 _c24673
_d24673